Historia y leyenda del arte quiteño : (Registro nro. 13363)
[ vista simple ]
| 000 -CABECERA | |
|---|---|
| Longitud fija campo de control | 01138nam a2200337Ia 4500 |
| 001 - NÚMERO DE CONTROL | |
| Número de control | 372366 |
| 003 - IDENTIFICADOR DEL NÚMERO DE CONTROL | |
| Identificador del número de control | EC-QuCCB |
| 005 - FECHA Y HORA DE LA ÚLTIMA TRANSACCIÓN | |
| Fecha y hora de la última transacción | 20230816125616.0 |
| 007 - CAMPO FIJO DE DESCRIPCIÓN FÍSICA--INFORMACIÓN GENERAL | |
| Campo fijo de descripción física | ta |
| 008 - DATOS DE LONGITUD FIJA--INFORMACIÓN GENERAL | |
| Códigos de información de longitud fija | 130917s2009 ec a gr 001 0dspa d |
| 020 ## - NÚMERO INTERNACIONAL ESTÁNDAR DEL LIBRO | |
| Número Internacional Normalizado para Libros (ISBN) | 978-9978-366-16-5 |
| 040 ## - FUENTE DE LA CATALOGACIÓN | |
| Centro catalogador de origen | EC-QuCCB |
| 041 0# - CÓDIGO DE LENGUA | |
| Código de lengua del texto;banda sonora o título independiente | spa |
| 043 ## - CÓDIGO DE ÁREA GEOGRÁFICA | |
| Código de área geográfica | s-ec-pi |
| 082 0# - NÚMERO DE LA CLASIFICACIÓN DECIMAL DEWEY | |
| Número de clasificación | 759.9866 |
| Número de documento | E749 |
| 084 ## - OTRO NÚMERO DE CLASIFICACIÓN | |
| Número de clasificación | FER2Lc000844 |
| 100 1# - ENTRADA PRINCIPAL--NOMBRE DE PERSONA | |
| Nombre de persona | Escudero de Terán, Ximena, |
| Fechas asociadas con el nombre | 1950- |
| 9 (RLIN) | 2490 |
| 245 10 - MENCIÓN DE TÍTULO | |
| Título | Historia y leyenda del arte quiteño : |
| Parte restante del título | su iconología |
| Mención de responsabilidad, etc. | Ximena Escudero Albornoz |
| 250 ## - MENCIÓN DE EDICIÓN | |
| Mención de edición | Primera edici´pn |
| 260 ## - PUBLICACIÓN, DISTRIBUCIÓN, ETC. (PIE DE IMPRENTA) | |
| Lugar de publicación, distribución, etc. | Quito, Ecuador : |
| Nombre del editor, distribuidor, etc. | Fondo de Salvamento del Patrimonio Cultural - |
| -- | Trama Ediciones, |
| Fecha de publicación, distribución, etc. | 2009 |
| 300 ## - DESCRIPCIÓN FÍSICA | |
| Extensión | 399 páginas : |
| Otros detalles físicos | ilustraciones ; |
| Dimensiones | 31 cm |
| 336 ## - TIPO DE CONTENIDO | |
| Content type term | texto |
| Content type code | txt |
| 337 ## - TIPO DE MEDIO | |
| Media type term | no mediado |
| Media type code | n |
| 338 ## - TIPO DE PORTADOR | |
| Carrier type term | volumen |
| Carrier type code | nc |
| 504 ## - NOTA DE BIBLIOGRAFÍA, ETC. | |
| Nota de bibliografía, etc. | Bibliografía : páginas 389-396 |
| 505 1# - NOTA DE CONTENIDO CON FORMATO | |
| Nota de contenido con formato preestablecido | Tesoros iconográficos-iconológicos, un patrimonio indivisible -- Antología del lenguaje iconográficos-iconológicos de santos y otros personajes |
| 590 ## - NOTA LOCAL (RLIN) | |
| Nota local | jcc |
| 650 #4 - PUNTO DE ACCESO ADICIONAL DE MATERIA--TÉRMINO DE MATERIA | |
| Nombre de materia o nombre geográfico como elemento de entrada | Arte ecuatoriano |
| Subdivisión de materia general | Historia |
| 9 (RLIN) | 11021 |
| Nombre de materia o nombre geográfico como elemento de entrada | Iconografía |
| 9 (RLIN) | 13261 |
| 942 ## - ELEMENTOS DE PUNTO DE ACCESO ADICIONAL (KOHA) | |
| Fuente de clasificaión o esquema | Número de Clasificación Local |
| Koha [por defecto] tipo de item | Monografía |
| Suprimido | Perdido | Fuente de clasificación o esquema | Estropeado | No se presta | Koha Colección | Localización (Biblioteca) | Localización actual | Localización en estanterías | Fecha adquisición | Fuente de adquisición | Clasificación completa | Fecha última consulta | Número de ejemplar | Tipo de item de Koha | Restricciones de uso | Préstamos totales | Designación de pieza (código de barras) | Fecha del precio de reemplazo |
|---|---|---|---|---|---|---|---|---|---|---|---|---|---|---|---|---|---|---|
| Disponible | Dewey Decimal Classification | Sin daños | Disponible para préstamo | Biblioteca CCE - Museo de Arte Moderno | Biblioteca CCE - Museo de Arte Moderno | En Col. | 09/09/2014 | EcQuBMAM | 709.866 E749 | 09/09/2014 | Monografía | Sin restricciones de uso | FELb00084 | 09/09/2014 | ||||
| Disponible | Número de Clasificación Local | Sin daños | Disponible para préstamo | ARTE | Biblioteca y Archivo de la CCE | Biblioteca y Archivo de la CCE | ARTE | 16/08/2023 | Donación Sra. Laura de Crespo | FER2Lc000844 | 17/09/2013 | Ej. 2 | Monografía | |||||
| Disponible | Número de Clasificación Local | Sin daños | Disponible para préstamo | ARTE | Biblioteca y Archivo de la CCE | Biblioteca y Archivo de la CCE | ARTE | 16/08/2023 | FER2Lc000844 | 05/11/2015 | Ej. 1 | Monografía | E0070183 |























